1220 1855 1420 1528 1445 1104 1713 1245 1284 1234 1245 1047 1148 1423 1582 1325 1712 1244 1868 1806 1992 1235 1816 1075 1370 1715 1134 1019 1521 1988 1636 1905 1492 1480 1921 1673 1196 1615 1388 1111 1000 1373 1589 1418 1836 1212 1718 1820 1265 1569 1587 1098 1149 1794 1404 1296 1732 1541 1062 1430 1364 1370 1759 1291 1491 1211 1102 1861 1022 1790 1560 1833 1755 1613 1331 1715 1685 1777 1276 1468 1929 1845 1989 1282 1361 1438 1156 1213 1643 1728 1868 1670 1528 1996 1514 1572 1142 1473 1122 BCNSPRNW ULIB Ver.6.0+V

เปลี่ยนเป็นภาษาไทย

Change to English
 แสดงรายละเอียดบรรณานุกรม
  กลับหน้าหลัก

Brief Record : Get Marc (ISO 2709) : E-mail record : QR code < ปิดหน้าต่าง
LEADER : 00000nam 2200000uu 4500
001    13399121567
003     ULIB
008    121123s2546||||th 000 0 tha d
020    ^a 9749159225
060  4 ^a WW ^bอ199ค
245 0   ^aคู่มือคนพิการ ^c/ กระทรวงการพัฒนาสังคมและความมั่นคงของมนุษย์
250    ^aพิมพ์ครั้งที่ 1.
260    ^a กรุงเทพฯ : ^bสำนักส่งเสริมและพิทักษ์คนพิการ, ^c2546.
300    ^a 64 หน้า ; ^c20 ซม.
590    ^a 08/2547SW
650  7 ^aคนพิการ ^xกฎหมายและระเบียบข้อบังคับ.
650  7 ^aคนพิการ ^xการศึกษา.
650  7 ^aคนพิการ ^xการสงเคราะห์.
650  7 ^aการฟื้นฟูสมรรถภาพ.
710 2  ^aกระทรวงการพัฒนาสังคมและความมั่นคงของมนุษย์.
710 2  ^aสำนักส่งเสริมและพิทักษ์คนพิการ.
945    ^p0^l0^i12480
995    ^a วิภา
999    ^aวิภา
รายการนี้ยังไม่มีแท็ก
คุณยังไม่ได้ล็อกอิน คุณสามารถมีกิจกรรมร่วมกับเว็บไซต์ได้ แต่ต้องล็อกอินก่อน ::
  ล็อกอิน

รายการสื่อสารสนเทศ

ลำดับที่ ประเภท เลขเรียก/บาร์โค้ด สถานที่ สถานะ
1. วิทยาศาสตร์การแพทย์ และสุขภาพ
วิทยาศาสตร์การแพทย์ และสุขภาพ
WW อ199ค  
  Barcode: 12480
ห้องสมุดวิทยาเขตสวรรค์ประชารักษ์
►หนังสือทั่วไป
บนชั้น

รายการใกล้เคียง
    หัวเรื่อง [การฟื้นฟูสมรรถภาพ.]

BibComment


ยังไม่เคยถูกคอมเมนท์

คอมเมนท์ทรัพยากรรายการนี้
  คอมเมนท์: คู่มือคนพิการ ..


 Copyright 2026. Bcnsprnw @Library